000 00248nam a2200097Ia 4500
008 231212s1993 xx 000 0 und d
041 _aeng
100 _aGulati R.R.
245 _aMonochrome And Colour Television
260 _aNew Delhi
_bWiley E
_c1993
999 _c963175
_d963175